000 00405nam a22001457a 4500
999 _c12079
_d12079
008 210119b ||||| |||| 00| 0 eng d
082 0 0 _223rd ed.
_a823.8
_bH1452
100 _94005
_aHaggard, H.Rider
245 1 0 _aKing solomon's mines /
_cby Rider H. Haggard
250 _a2nd ed.
260 _aLondon:
_bCassell,
_c1952.
300 _a256 p.
650 0 _aAdventure stories
942 _cBK